Chaff on the Wind. (Record no. 3046)

MARC details
000 -LEADER
fixed length control field 00313nam a22001217a 4500
005 - DATE AND TIME OF LATEST TRANSACTION
control field 20200929101146.0
008 - FIXED-LENGTH DATA ELEMENTS--GENERAL INFORMATION
fixed length control field 200929b ||||| |||| 00| 0 eng d
020 ## - INTERNATIONAL STANDARD BOOK NUMBER
International Standard Book Number 0333412788
040 ## - CATALOGING SOURCE
Transcribing agency CML
245 ## - TITLE STATEMENT
Title Chaff on the Wind.
Statement of responsibility, etc. Dibba, E.
260 ## - PUBLICATION, DISTRIBUTION, ETC.
Place of publication, distribution, etc. London
Name of publisher, distributor, etc. Macmillan
Date of publication, distribution, etc. 1986
942 ## - ADDED ENTRY ELEMENTS (KOHA)
Source of classification or shelving scheme Dewey Decimal Classification
Koha item type Books
Edition 1st Edition
Call number prefix F
Call number suffix DIB
Holdings
Withdrawn status Lost status Source of classification or shelving scheme Damaged status Not for loan Home library Current library Date acquired Total Checkouts Full call number Barcode Date last seen Copy number Price effective from Koha item type
    Dewey Decimal Classification     Chalimbana Main Library Chalimbana Main Library 09/29/2020   F/DIBB 9780333412787 09/29/2020 1 09/29/2020 Books

Powered by Koha